The EIB in the city : Investment on the agenda (Volume 9) (Record no. 90838)

MARC details
000 -LEADER
fixed length control field 01195nam a2200217Ia 4500
000 - LEADER
fixed length control field 01767naaa 00301uu
001 - CONTROL NUMBER
control field https://directory.doabooks.org/handle/20.500.12854/64153
008 - FIXED-LENGTH DATA ELEMENTS--GENERAL INFORMATION
fixed length control field 211013s9999 xx 000 0 und d
024 ## - OTHER STANDARD IDENTIFIER
Standard number or code https://doi.org/10.2867/947514
042 ## - AUTHENTICATION CODE
Authentication code dc
100 1# - MAIN ENTRY--PERSONAL NAME
Personal name Clark, Greg
245 #4 - TITLE STATEMENT
Title The EIB in the city : Investment on the agenda (Volume 9)
260 ## - PUBLICATION, DISTRIBUTION, ETC.
Name of publisher, distributor, etc. European Investment Bank
Date of publication, distribution, etc. 2019
520 ## - SUMMARY, ETC.
Summary, etc. City, transformed has shown how Europe's cities have developed over the last 50 years. The European Investment Bank has adapted alongside them, building a greater, more focused role in urban development that takes it into truly innovative areas. Future cities need to face up to challenges in climate, productivity, knowledge, social mobility and resilience. Here's how the EU bank is setting up to be a partner on that path.
540 ## - TERMS GOVERNING USE AND REPRODUCTION NOTE
Terms governing use and reproduction Creative Commons
653 ## - INDEX TERM--UNCONTROLLED
Uncontrolled term Business & Economics
700 1# - ADDED ENTRY--PERSONAL NAME
Personal name Moonen, Tim
856 ## - ELECTRONIC LOCATION AND ACCESS
Uniform Resource Identifier <a href="https://docs.google.com/spreadsheets/d/1yKIrdCPDAG_9c22mwoOIO2DOhtj65Wqa/edit?usp=sharing&ouid=106555315294820607512&rtpof=true&sd=true ">https://docs.google.com/spreadsheets/d/1yKIrdCPDAG_9c22mwoOIO2DOhtj65Wqa/edit?usp=sharing&ouid=106555315294820607512&rtpof=true&sd=true </a>
Link text List of Curated E-Books
942 ## - ADDED ENTRY ELEMENTS (KOHA)
Koha item type E-Book

No items available.

University of Rizal System
Email us at univlibservices@urs.edu.ph

Visit our Website www.urs.edu.ph/library